[Event "Watson Farley Williams Challenge"]
[Site "London"]
[Date "1988.06.01"]
[Round "5"]
[White "Evans, Larry D"]
[Black "Hebden, Mark L"]
[Result "0-1"]
[WhiteElo "2495"]
[BlackElo "2475"]
[PlyCount "88"]
[EventDate "1988.05.27"]
[EventType "tourn"]
[EventRounds "11"]
[EventCountry "ENG"]
[EventCategory "8"]
[SourceTitle "BritBase"]
[Source "John Saunders"]
[SourceDate "2022.12.30"]
[SourceVersion "1"]
[SourceVersionDate "2022.12.30"]
[SourceQuality "1"]

1. c4 g6 2. Nc3 Bg7 3. d4 Nf6 4. e4 d6 5. f3 O-O 6. Bg5 Nc6 7. d5 Ne5 8. f4
Ned7 9. Bd3 c6 10. Nge2 cxd5 11. cxd5 Qb6 12. Qd2 Ng4 13. Nd1 Nc5 14. Bc2 f5
15. h3 Nf6 16. Bxf6 Bxf6 17. exf5 Bxf5 18. Bxf5 gxf5 19. Nec3 Ne4 20. Nxe4 fxe4
21. g3 Rac8 22. Kf1 Rc4 23. Rh2 Rfc8 24. Ne3 R4c7 25. Re2 Qa6 26. Kf2 Qa4 27.
Kg2 a5 28. h4 h5 29. a3 Qb3 30. a4 Kf7 31. Kh3 Rc5 32. Qd1 Qxd1 33. Rxd1 b5 34.
axb5 Rxb5 35. Rdd2 Rb4 36. f5 Rb3 37. Nf1 Rc4 38. Ne3 Rcb4 39. Nd1 Be5 40. Rg2
Kf6 41. Rc2 Rf3 42. Rc8 Kf7 43. Ra8 a4 44. Nc3 e3 0-1

[Event "Watson Farley Williams Challenge"]
[Site "London"]
[Date "1988.06.01"]
[Round "5"]
[White "Hodgson, Julian M"]
[Black "Lalic, Susan"]
[Result "1/2-1/2"]
[WhiteElo "2480"]
[BlackElo "2340"]
[PlyCount "84"]
[EventDate "1988.05.27"]
[EventType "tourn"]
[EventRounds "11"]
[EventCountry "ENG"]
[EventCategory "8"]
[SourceTitle "BritBase"]
[Source "John Saunders"]
[SourceDate "2022.12.30"]
[SourceVersion "1"]
[SourceVersionDate "2022.12.30"]
[SourceQuality "1"]

1. e4 e6 2. d4 d5 3. Nc3 Bb4 4. e5 c5 5. Nf3 Nc6 6. dxc5 Nge7 7. Bd3 d4 8. a3
Ba5 9. b4 Nxb4 10. axb4 Bxb4 11. O-O Bxc3 12. Rb1 h6 13. Nd2 Bxd2 14. Bxd2 Bd7
15. Rxb7 Bc6 16. Rb4 Qd5 17. Qg4 Rd8 18. Re1 g5 19. Qh3 g4 20. Qg3 h5 21. Bg5
Nf5 22. Bxf5 exf5 23. Bxd8 f4 24. c4 dxc3 25. Rxf4 Kxd8 26. e6 fxe6 27. Rfe4 c2
28. Qb8+ Kd7 29. Qxa7+ Kc8 30. Qa6+ Kd7 31. Qa1 Qxe4 32. Rxe4 Bxe4 33. Qd4+ Kc7
34. Qe5+ Kd7 35. Qd6+ Kc8 36. Qxe6+ Kb8 37. Qe5+ Ka7 38. Qa1+ Kb7 39. f3 Rd8
40. Qb2+ Kc7 41. Kf2 Rd1 42. Qe5+ Kc8 1/2-1/2

[Event "Watson Farley Williams Challenge"]
[Site "London"]
[Date "1988.06.01"]
[Round "5"]
[White "Levitt, Jonathan"]
[Black "King, Daniel J"]
[Result "1/2-1/2"]
[WhiteElo "2445"]
[BlackElo "2475"]
[PlyCount "45"]
[EventDate "1988.05.27"]
[EventType "tourn"]
[EventRounds "11"]
[EventCountry "ENG"]
[EventCategory "8"]
[SourceTitle "BritBase"]
[Source "John Saunders"]
[SourceDate "2022.12.30"]
[SourceVersion "1"]
[SourceVersionDate "2022.12.30"]
[SourceQuality "1"]

1. d4 Nf6 2. c4 e6 3. Nc3 d5 4. Nf3 Be7 5. Bg5 h6 6. Bxf6 Bxf6 7. e3 O-O 8. Qc2
c5 9. dxc5 dxc4 10. Bxc4 Nd7 11. c6 Ne5 12. Nxe5 Bxe5 13. Be2 Qc7 14. f4 Bf6
15. Ne4 Be7 16. O-O bxc6 17. Rac1 Qb6 18. Rf3 Rd8 19. Nd2 c5 20. Nc4 Qc7 21.
Bd3 Bb7 22. Bh7+ Kh8 23. Be4 1/2-1/2

[Event "Watson Farley Williams Challenge"]
[Site "London"]
[Date "1988.06.01"]
[Round "5"]
[White "Norwood, David"]
[Black "Sadler, Matthew D"]
[Result "1/2-1/2"]
[WhiteElo "2460"]
[BlackElo "2385"]
[PlyCount "39"]
[EventDate "1988.05.27"]
[EventType "tourn"]
[EventRounds "11"]
[EventCountry "ENG"]
[EventCategory "8"]
[SourceTitle "BritBase"]
[Source "John Saunders"]
[SourceDate "2022.12.30"]
[SourceVersion "1"]
[SourceVersionDate "2022.12.30"]
[SourceQuality "1"]

1. g3 d5 2. Bg2 e5 3. d3 c6 4. Nf3 Bd6 5. O-O Nf6 6. Nc3 O-O 7. e4 dxe4 8. Nxe4
Nxe4 9. dxe4 Bg4 10. c3 a5 11. Be3 Na6 12. h3 Be6 13. Qd3 f6 14. Rfd1 Be7 15.
Qe2 Qc7 16. Nd2 Bc5 17. Bf1 Rfd8 18. Bxc5 Nxc5 19. Qe3 b6 20. Bc4 1/2-1/2

[Event "Watson Farley Williams Challenge"]
[Site "London"]
[Date "1988.06.01"]
[Round "5"]
[White "Westerinen, Heikki MJ"]
[Black "Fedorowicz, John P"]
[Result "0-1"]
[WhiteElo "2395"]
[BlackElo "2560"]
[PlyCount "106"]
[EventDate "1988.05.27"]
[EventType "tourn"]
[EventRounds "11"]
[EventCountry "ENG"]
[EventCategory "8"]
[SourceTitle "BritBase"]
[Source "John Saunders"]
[SourceDate "2022.12.30"]
[SourceVersion "1"]
[SourceVersionDate "2022.12.30"]
[SourceQuality "1"]

1. e4 c5 2. Nf3 d6 3. d4 cxd4 4. Nxd4 Nf6 5. Nc3 Nc6 6. Bg5 e6 7. Bb5 Bd7 8.
Bxc6 bxc6 9. Qf3 h6 10. Bh4 Qb6 11. O-O-O Be7 12. Nb3 a5 13. e5 dxe5 14. Bxf6
gxf6 15. Ne4 f5 16. Nd6+ Bxd6 17. Rxd6 a4 18. Nd2 Qc5 19. Qa3 Qxa3 20. bxa3 Ke7
21. Nc4 Be8 22. Rhd1 e4 23. Nb6 Rb8 24. Nxa4 Rg8 25. g3 h5 26. R6d4 e5 27. Rb4
Bd7 28. Nb6 Be6 29. a4 Rb7 30. Nd5+ cxd5 31. Rxb7+ Kf6 32. c3 f4 33. Rb4 Ra8
34. Kd2 Kg5 35. Rg1 Kg4 36. gxf4+ Kxf4 37. Rg3 h4 38. Re3 Ra7 39. Ke2 f5 40.
Rb6 Bf7 41. Rb4 Bh5+ 42. Ke1 Rg7 43. Kf1 Rd7 44. Ke1 d4 45. cxd4 exd4 46. Reb3
d3 47. Kd2 Kf3 48. Rb7 Rd4 49. R3b4 Rxb4 50. Rxb4 Kxf2 51. Rb1 Be2 52. a5 e3+
53. Kc3 d2 0-1

[Event "Watson Farley Williams Challenge"]
[Site "London"]
[Date "1988.06.02"]
[Round "6"]
[White "Fedorowicz, John P"]
[Black "Evans, Larry D"]
[Result "1/2-1/2"]
[WhiteElo "2560"]
[BlackElo "2495"]
[PlyCount "55"]
[EventDate "1988.05.27"]
[EventType "tourn"]
[EventRounds "11"]
[EventCountry "ENG"]
[EventCategory "8"]
[SourceTitle "BritBase"]
[Source "John Saunders"]
[SourceDate "2022.12.30"]
[SourceVersion "1"]
[SourceVersionDate "2022.12.30"]
[SourceQuality "1"]

1. d4 Nf6 2. c4 e6 3. Nc3 Bb4 4. e3 c5 5. Bd3 O-O 6. Nge2 d5 7. cxd5 exd5 8. a3
cxd4 9. exd4 Be7 10. O-O Nc6 11. Bg5 Re8 12. Qb3 h6 13. Bh4 Be6 14. Rad1 Qd7
15. Bb1 Rac8 16. Qc2 g6 17. Qd2 Kg7 18. Bg3 Nh5 19. Be5+ f6 20. Bf4 Rh8 21. Be3
Na5 22. Ba2 Nc4 23. Bxc4 Rxc4 24. f3 Bd6 25. Nf4 Nxf4 26. Bxf4 Bxf4 27. Qxf4
Bf7 28. Qd2 1/2-1/2

[Event "Watson Farley Williams Challenge"]
[Site "London"]
[Date "1988.06.02"]
[Round "6"]
[White "Hebden, Mark L"]
[Black "Hodgson, Julian M"]
[Result "0-1"]
[WhiteElo "2475"]
[BlackElo "2480"]
[PlyCount "104"]
[EventDate "1988.05.27"]
[EventType "tourn"]
[EventRounds "11"]
[EventCountry "ENG"]
[EventCategory "8"]
[SourceTitle "BritBase"]
[Source "John Saunders"]
[SourceDate "2022.12.30"]
[SourceVersion "1"]
[SourceVersionDate "2022.12.30"]
[SourceQuality "1"]

1. e4 g6 2. d4 d6 3. Nc3 Bg7 4. Be3 Nf6 5. h3 O-O 6. Nf3 c6 7. a4 Nbd7 8. a5 d5
9. e5 Ne8 10. Ng5 Nc7 11. Bd3 c5 12. f4 cxd4 13. Bxd4 Nb8 14. Ne2 Nc6 15. c3 f6
16. exf6 exf6 17. Nf3 Ne6 18. Qa4 Qe7 19. O-O Nexd4 20. Nexd4 Qe3+ 21. Kh1 Qxd3
22. Nxc6 bxc6 23. Qxc6 Rb8 24. b4 Bf5 25. Rad1 Rfc8 26. Qxd5+ Qxd5 27. Rxd5
Rxc3 28. Re1 Bf8 29. Nd4 Rd3 30. b5 Bc5 31. Rxc5 Rxd4 32. Re7 Rd7 33. Rxd7 Bxd7
34. Rc7 Bxb5 35. Rxa7 Bc6 36. Rc7 Be4 37. Re7 f5 38. a6 Rb1+ 39. Kh2 Rb2 40. h4
Rxg2+ 41. Kh3 Ra2 42. a7 h5 43. Kg3 Kf8 44. Rc7 Ke8 45. Kh3 Kd8 46. Rg7 Kc8 47.
Kg3 Bd5 48. Kh3 Bb7 49. Rg8+ Kc7 50. Rg7+ Kb6 51. Rxg6+ Kxa7 52. Rg5 Bf3 0-1

[Event "Watson Farley Williams Challenge"]
[Site "London"]
[Date "1988.06.02"]
[Round "6"]
[White "King, Daniel J"]
[Black "Westerinen, Heikki MJ"]
[Result "0-1"]
[WhiteElo "2475"]
[BlackElo "2395"]
[PlyCount "88"]
[EventDate "1988.05.27"]
[EventType "tourn"]
[EventRounds "11"]
[EventCountry "ENG"]
[EventCategory "8"]
[SourceTitle "BritBase"]
[Source "John Saunders"]
[SourceDate "2022.12.30"]
[SourceVersion "1"]
[SourceVersionDate "2022.12.30"]
[SourceQuality "1"]

1. e4 e5 2. Nf3 Nc6 3. Bb5 g6 4. c3 d6 5. d4 Bd7 6. d5 Nce7 7. Bxd7+ Qxd7 8. c4
Qg4 9. O-O Qxe4 10. Qa4+ c6 11. Qb4 O-O-O 12. Qa4 cxd5 13. Qxa7 Qxc4 14. Bg5
Qa6 15. Rc1+ Kd7 16. Qe3 f6 17. Na3 fxg5 18. Qb3 g4 19. Nb5 gxf3 20. Nc7 Qa7
21. Qxf3 Rc8 22. Nxd5 Rxc1+ 23. Rxc1 Nxd5 24. Qxf8 Nde7 25. Qg7 Qxa2 26. Qxh8
Qxb2 27. Rf1 h5 28. h3 b5 29. Qg7 b4 30. Qf8 b3 31. Qb8 Nf6 32. Rd1 Nfd5 33.
Qb5+ Ke6 34. Rd3 Qc1+ 35. Kh2 Qf4+ 36. Kg1 Qb4 37. Rxb3 Qxb5 38. Rxb5 Nc3 39.
Rb3 Ne2+ 40. Kf1 Nd4 41. Rb6 h4 42. g3 hxg3 43. fxg3 e4 44. h4 Nef5 0-1

[Event "Watson Farley Williams Challenge"]
[Site "London"]
[Date "1988.06.02"]
[Round "6"]
[White "Motwani, Paul"]
[Black "Levitt, Jonathan"]
[Result "1/2-1/2"]
[WhiteElo "2465"]
[BlackElo "2445"]
[PlyCount "34"]
[EventDate "1988.05.27"]
[EventType "tourn"]
[EventRounds "11"]
[EventCountry "ENG"]
[EventCategory "8"]
[SourceTitle "BritBase"]
[Source "John Saunders"]
[SourceDate "2022.12.30"]
[SourceVersion "1"]
[SourceVersionDate "2022.12.30"]
[SourceQuality "1"]

1. e4 e6 2. d4 d5 3. Nc3 Bb4 4. e5 c5 5. a3 Bxc3+ 6. bxc3 Ne7 7. Qg4 Qc7 8.
Qxg7 Rg8 9. Qxh7 cxd4 10. Ne2 Nbc6 11. f4 Bd7 12. Qd3 dxc3 13. Nxc3 Na5 14. Nb5
Bxb5 15. Qxb5+ Nec6 16. Bd2 O-O-O 17. O-O-O Kb8 1/2-1/2

[Event "Watson Farley Williams Challenge"]
[Site "London"]
[Date "1988.06.02"]
[Round "6"]
[White "Norwood, David"]
[Black "Arkell, Keith C"]
[Result "1/2-1/2"]
[WhiteElo "2460"]
[BlackElo "2425"]
[PlyCount "38"]
[EventDate "1988.05.27"]
[EventType "tourn"]
[EventRounds "11"]
[EventCountry "ENG"]
[EventCategory "8"]
[SourceTitle "BritBase"]
[Source "John Saunders"]
[SourceDate "2022.12.30"]
[SourceVersion "1"]
[SourceVersionDate "2022.12.30"]
[SourceQuality "1"]

1. g3 d5 2. Bg2 c6 3. d3 Nf6 4. Nf3 Bg4 5. O-O Nbd7 6. h3 Bxf3 7. Bxf3 e6 8. e4
dxe4 9. dxe4 Be7 10. Qe2 Qc7 11. Re1 e5 12. Nd2 O-O 13. a4 a5 14. Nc4 Rfe8 15.
Rd1 Bc5 16. Bd2 Nf8 17. Bc3 Bb4 18. Bxb4 axb4 19. Qd2 Ne6 1/2-1/2

[Event "Watson Farley Williams Challenge"]
[Site "London"]
[Date "1988.06.02"]
[Round "6"]
[White "Sadler, Matthew D"]
[Black "Lalic, Susan"]
[Result "1/2-1/2"]
[WhiteElo "2385"]
[BlackElo "2340"]
[PlyCount "44"]
[EventDate "1988.05.27"]
[EventType "tourn"]
[EventRounds "11"]
[EventCountry "ENG"]
[EventCategory "8"]
[SourceTitle "BritBase"]
[Source "John Saunders"]
[SourceDate "2022.12.30"]
[SourceVersion "1"]
[SourceVersionDate "2022.12.30"]
[SourceQuality "1"]

1. d4 d5 2. c4 e6 3. Nc3 c5 4. cxd5 cxd4 5. Qxd4 Nc6 6. Qd1 exd5 7. Qxd5 Be6 8.
Qxd8+ Rxd8 9. e3 a6 10. Be2 Nb4 11. Kf1 g6 12. Nf3 Bg7 13. Ng5 Bc8 14. Nf3 Ne7
15. Bd2 O-O 16. a3 Nd3 17. Bxd3 Rxd3 18. Ke2 Rfd8 19. Nd4 Bf5 20. Rad1 Bxd4 21.
exd4 R3xd4 22. Bg5 Rxd1 1/2-1/2

[Event "Watson Farley Williams Challenge"]
[Site "London"]
[Date "1988.06.03"]
[Round "7"]
[White "Arkell, Keith C"]
[Black "Sadler, Matthew D"]
[Result "1/2-1/2"]
[WhiteElo "2425"]
[BlackElo "2385"]
[PlyCount "66"]
[EventDate "1988.05.27"]
[EventType "tourn"]
[EventRounds "11"]
[EventCountry "ENG"]
[EventCategory "8"]
[SourceTitle "BritBase"]
[Source "John Saunders"]
[SourceDate "2022.12.30"]
[SourceVersion "1"]
[SourceVersionDate "2022.12.30"]
[SourceQuality "1"]

1. d4 d5 2. c4 dxc4 3. Nf3 a6 4. a4 Nf6 5. e3 e6 6. Bxc4 c5 7. O-O Nc6 8. Nc3
Be7 9. Qe2 cxd4 10. Rd1 O-O 11. exd4 Nd5 12. Ne4 Ncb4 13. h4 b6 14. h5 f6 15.
a5 bxa5 16. h6 g6 17. Nc5 Qb6 18. Qe4 Ra7 19. Bd2 Rd8 20. Rac1 Rc7 21. Re1 Bxc5
22. dxc5 Rxc5 23. Qd4 Nc6 24. Qh4 Rf8 25. b3 Nce7 26. Qd4 Nf5 27. Qa1 Bb7 28.
Nd4 Nxd4 29. Qxd4 Qc6 30. Rxe6 Rxc4 31. bxc4 Qxe6 32. cxd5 Qxd5 33. Qxd5+ Bxd5
1/2-1/2

[Event "Watson Farley Williams Challenge"]
[Site "London"]
[Date "1988.06.03"]
[Round "7"]
[White "Lalic, Susan"]
[Black "Hebden, Mark L"]
[Result "0-1"]
[WhiteElo "2340"]
[BlackElo "2475"]
[PlyCount "62"]
[EventDate "1988.05.27"]
[EventType "tourn"]
[EventRounds "11"]
[EventCountry "ENG"]
[EventCategory "8"]
[SourceTitle "BritBase"]
[Source "John Saunders"]
[SourceDate "2022.12.30"]
[SourceVersion "1"]
[SourceVersionDate "2022.12.30"]
[SourceQuality "1"]

1. e4 e5 2. Nf3 Nc6 3. d4 exd4 4. Nxd4 Nf6 5. Nc3 Bc5 6. Nb3 Bb4 7. Bd2 O-O 8.
Bd3 Ne5 9. O-O d5 10. exd5 Nxd3 11. cxd3 h6 12. Bf4 Nxd5 13. Nxd5 Qxd5 14. Bxc7
Bf5 15. a3 Be7 16. Re1 Bf6 17. d4 Rfe8 18. Rxe8+ Rxe8 19. Rc1 Bg5 20. Rc3 Bg4
21. f3 Be3+ 22. Kh1 Bf2 23. fxg4 Re1+ 24. Qxe1 Bxe1 25. Rf3 Bh4 26. Bg3 Qe4 27.
h3 Bg5 28. Kh2 b6 29. Be5 a5 30. a4 Be7 31. Nc1 f6 0-1

[Event "Watson Farley Williams Challenge"]
[Site "London"]
[Date "1988.06.03"]
[Round "7"]
[White "Levitt, Jonathan"]
[Black "Norwood, David"]
[Result "1-0"]
[WhiteElo "2445"]
[BlackElo "2460"]
[PlyCount "97"]
[EventDate "1988.05.27"]
[EventType "tourn"]
[EventRounds "11"]
[EventCountry "ENG"]
[EventCategory "8"]
[SourceTitle "BritBase"]
[Source "John Saunders"]
[SourceDate "2022.12.30"]
[SourceVersion "1"]
[SourceVersionDate "2022.12.30"]
[SourceQuality "1"]

1. d4 Nf6 2. c4 e6 3. Nc3 c5 4. d5 exd5 5. cxd5 d6 6. e4 g6 7. f4 Bg7 8. Bb5+
Nfd7 9. a4 O-O 10. Nf3 Na6 11. O-O Nc7 12. Bd3 Re8 13. Bd2 a6 14. Be1 Rb8 15.
e5 dxe5 16. Bh4 Bf6 17. d6 Ne6 18. Bxf6 Qxf6 19. Nd5 Qg7 20. fxe5 Kh8 21. Qd2
b5 22. axb5 axb5 23. Rae1 c4 24. Bc2 Bb7 25. Nc7 Bxf3 26. Nxe8 Rxe8 27. Rxf3
Nxe5 28. Rfe3 f6 29. h3 Rd8 30. Qd5 Qd7 31. Rxe5 fxe5 32. Qxe5+ Ng7 33. Qf6
Qa7+ 34. Kh1 Rg8 35. Re7 Qa1+ 36. Kh2 Qa8 37. Bxg6 Qf8 38. Qxf8 Rxf8 39. Be4
Rd8 40. d7 b4 41. Bc6 c3 42. bxc3 bxc3 43. Re3 c2 44. Rc3 Ne6 45. Ba4 Kg7 46.
Rxc2 Kf6 47. Rc8 Ke7 48. Kg3 Nf8 49. Kg4 1-0

[Event "Watson Farley Williams Challenge"]
[Site "London"]
[Date "1988.06.03"]
[Round "7"]
[White "Westerinen, Heikki MJ"]
[Black "Motwani, Paul"]
[Result "1-0"]
[WhiteElo "2395"]
[BlackElo "2465"]
[PlyCount "83"]
[EventDate "1988.05.27"]
[EventType "tourn"]
[EventRounds "11"]
[EventCountry "ENG"]
[EventCategory "8"]
[SourceTitle "BritBase"]
[Source "John Saunders"]
[SourceDate "2022.12.30"]
[SourceVersion "1"]
[SourceVersionDate "2022.12.30"]
[SourceQuality "1"]

1. e4 e5 2. f4 d5 3. exd5 c6 4. Nc3 exf4 5. Nf3 Bd6 6. d4 Ne7 7. Bc4 cxd5 8.
Bxd5 O-O 9. O-O Nbc6 10. Bb3 Bg4 11. Ne4 Bc7 12. c3 Ng6 13. h3 Bf5 14. Nfg5 h6
15. Qh5 hxg5 16. Nxg5 Nh8 17. Nxf7 Nxf7 18. Qxf5 Qf6 19. Qxf6 gxf6 20. Bxf4
Bxf4 21. Rxf4 Kg7 22. Rg4+ Kh6 23. Rf1 Ng5 24. h4 Nh7 25. Bc2 Ne7 26. Re1 Rf7
27. Bb3 Raf8 28. Bxf7 Rxf7 29. Rge4 Ng6 30. g3 f5 31. Re6 Nf6 32. c4 Kh5 33.
Rf1 Ng4 34. d5 f4 35. d6 f3 36. c5 N6e5 37. Re7 Rf8 38. d7 f2+ 39. Rxf2 Nxf2
40. Rxe5+ Kg4 41. Rg5+ Kh3 42. d8=Q 1-0

[Event "Watson Farley Williams Challenge"]
[Site "London"]
[Date "1988.06.04"]
[Round "8"]
[White "Arkell, Keith C"]
[Black "Levitt, Jonathan"]
[Result "1/2-1/2"]
[WhiteElo "2425"]
[BlackElo "2445"]
[PlyCount "22"]
[EventDate "1988.05.27"]
[EventType "tourn"]
[EventRounds "11"]
[EventCountry "ENG"]
[EventCategory "8"]
[SourceTitle "BritBase"]
[Source "John Saunders"]
[SourceDate "2022.12.30"]
[SourceVersion "1"]
[SourceVersionDate "2022.12.30"]
[SourceQuality "1"]

1. d4 Nf6 2. Nf3 e6 3. c4 b6 4. g3 Bb7 5. Bg2 Be7 6. Nc3 O-O 7. O-O Ne4 8. Qc2
Nxc3 9. Qxc3 c5 10. Qd3 Nc6 11. Rd1 Nxd4 1/2-1/2

[Event "Watson Farley Williams Challenge"]
[Site "London"]
[Date "1988.06.04"]
[Round "8"]
[White "King, Daniel J"]
[Black "Hodgson, Julian M"]
[Result "1-0"]
[WhiteElo "2475"]
[BlackElo "2480"]
[PlyCount "79"]
[EventDate "1988.05.27"]
[EventType "tourn"]
[EventRounds "11"]
[EventCountry "ENG"]
[EventCategory "8"]
[SourceTitle "BritBase"]
[Source "John Saunders"]
[SourceDate "2022.12.30"]
[SourceVersion "1"]
[SourceVersionDate "2022.12.30"]
[SourceQuality "1"]

1. e4 g6 2. d4 d6 3. c3 Nf6 4. Bd3 Bg7 5. f4 e5 6. Nf3 exd4 7. cxd4 O-O 8. Nc3
c5 9. dxc5 dxc5 10. e5 Nd5 11. Nxd5 Qxd5 12. Qe2 Bg4 13. Be4 Qd7 14. Be3 Nc6
15. Bxc5 Nd4 16. Qf2 Nxf3+ 17. Bxf3 Bxf3 18. Bxf8 Bxf8 19. Qxf3 Qd4 20. Rd1
Bb4+ 21. Kf1 Qb6 22. Ke2 Qa6+ 23. Kf2 Qxa2 24. Kg3 a5 25. b3 Rc8 26. Rc1 Rd8
27. Rhd1 Bd2 28. Kh3 b5 29. Rc6 Rf8 30. g3 Bb4 31. Rb6 Rc8 32. Rc6 Rf8 33. Rd5
Rb8 34. e6 fxe6 35. Rxe6 a4 36. bxa4 bxa4 37. f5 Rf8 38. f6 h5 39. Qe4 Kh7 40.
Rxh5+ 1-0

[Event "Watson Farley Williams Challenge"]
[Site "London"]
[Date "1988.06.04"]
[Round "8"]
[White "Motwani, Paul"]
[Black "Evans, Larry D"]
[Result "1-0"]
[WhiteElo "2465"]
[BlackElo "2495"]
[PlyCount "71"]
[EventDate "1988.05.27"]
[EventType "tourn"]
[EventRounds "11"]
[EventCountry "ENG"]
[EventCategory "8"]
[SourceTitle "BritBase"]
[Source "John Saunders"]
[SourceDate "2022.12.30"]
[SourceVersion "1"]
[SourceVersionDate "2022.12.30"]
[SourceQuality "1"]

1. e4 c5 2. Nf3 d6 3. d4 cxd4 4. Nxd4 Nf6 5. Nc3 a6 6. Be3 e5 7. Nf3 Be7 8. Bc4
O-O 9. O-O Qc7 10. Bb3 Nbd7 11. Bg5 h6 12. Bh4 Nc5 13. Bxf6 Bxf6 14. Nd5 Qd8
15. Re1 Bg4 16. h3 Bh5 17. c3 Bg5 18. Bc2 Kh8 19. Qe2 Bg6 20. Rad1 f5 21. exf5
Bxf5 22. Bxf5 Rxf5 23. b4 Ne6 24. h4 Be7 25. Qe4 Rf8 26. Qg4 Nc7 27. Nb6 Rf4
28. Qh3 e4 29. Nxa8 Nxa8 30. Nd4 Rxh4 31. Qf5 Qe8 32. Rxe4 Rxe4 33. Qxe4 d5 34.
Qe5 Qf7 35. Re1 Bf8 36. Qe8 1-0

[Event "Watson Farley Williams Challenge"]
[Site "London"]
[Date "1988.06.04"]
[Round "8"]
[White "Norwood, David"]
[Black "Westerinen, Heikki MJ"]
[Result "1-0"]
[WhiteElo "2460"]
[BlackElo "2395"]
[PlyCount "59"]
[EventDate "1988.05.27"]
[EventType "tourn"]
[EventRounds "11"]
[EventCountry "ENG"]
[EventCategory "8"]
[SourceTitle "BritBase"]
[Source "John Saunders"]
[SourceDate "2022.12.30"]
[SourceVersion "1"]
[SourceVersionDate "2022.12.30"]
[SourceQuality "1"]

1. d4 Nf6 2. c4 g6 3. Nc3 Bg7 4. e4 d6 5. f4 O-O 6. Nf3 c5 7. d5 e6 8. Be2 exd5
9. cxd5 Bg4 10. O-O Nbd7 11. Re1 Re8 12. h3 Bxf3 13. Bxf3 a6 14. a4 c4 15. Be3
Qa5 16. Qe2 Rac8 17. Qf2 Re7 18. Rad1 Qb4 19. Bd4 Rce8 20. Re2 b6 21. Qg3 Nc5
22. e5 Nfd7 23. e6 Bxd4+ 24. Rxd4 Nf6 25. f5 Nb3 26. Rf4 Qc5+ 27. Kh1 Nc1 28.
exf7+ Kxf7 29. fxg6+ hxg6 30. Qh4 1-0

[Event "Watson Farley Williams Challenge"]
[Site "London"]
[Date "1988.06.04"]
[Round "8"]
[White "Sadler, Matthew D"]
[Black "Hebden, Mark L"]
[Result "1-0"]
[WhiteElo "2385"]
[BlackElo "2475"]
[PlyCount "57"]
[EventDate "1988.05.27"]
[EventType "tourn"]
[EventRounds "11"]
[EventCountry "ENG"]
[EventCategory "8"]
[SourceTitle "BritBase"]
[Source "John Saunders"]
[SourceDate "2022.12.30"]
[SourceVersion "1"]
[SourceVersionDate "2022.12.30"]
[SourceQuality "1"]

1. d4 Nf6 2. c4 g6 3. Nc3 Bg7 4. e4 d6 5. f3 O-O 6. Bg5 Nc6 7. Nge2 a6 8. Qd2
Rb8 9. Rc1 Re8 10. b3 Bd7 11. d5 Na7 12. Ng3 c5 13. Bd3 b5 14. O-O e6 15. dxe6
Bxe6 16. Nd5 Nc6 17. f4 Bxd5 18. exd5 Qa5 19. Qd1 Nb4 20. f5 Nd7 21. Bb1 Bd4+
22. Kh1 Nxa2 23. Qg4 Ne5 24. Qh4 Nxc1 25. Ne4 Ned3 26. fxg6 hxg6 27. Nf6+ Bxf6
28. Bxf6 Nf2+ 29. Kg1 1-0

[Event "Watson Farley Williams Challenge"]
[Site "London"]
[Date "1988.06.05"]
[Round "9"]
[White "Evans, Larry D"]
[Black "Norwood, David"]
[Result "1-0"]
[WhiteElo "2495"]
[BlackElo "2460"]
[PlyCount "80"]
[EventDate "1988.05.27"]
[EventType "tourn"]
[EventRounds "11"]
[EventCountry "ENG"]
[EventCategory "8"]
[SourceTitle "BritBase"]
[Source "John Saunders"]
[SourceDate "2022.12.30"]
[SourceVersion "1"]
[SourceVersionDate "2022.12.30"]
[SourceQuality "1"]

1. c4 g6 2. Nc3 Bg7 3. g3 c5 4. Bg2 Nc6 5. e3 e6 6. Nge2 Nge7 7. d4 cxd4 8.
exd4 d5 9. cxd5 Nxd5 10. Nxd5 exd5 11. Be3 O-O 12. Qb3 Bg4 13. Qxb7 Bxe2 14.
Qxc6 Bc4 15. Qa4 Re8 16. b3 Bxd4 17. bxc4 Bc3+ 18. Ke2 d4 19. Bxa8 d3+ 20. Kf1
Qxa8 21. Kg1 Bxa1 22. Qd1 Bf6 23. Qxd3 Qf3 24. Qd5 Qe2 25. h4 Qxa2 26. Qc6 Re6
27. Qc8+ Kg7 28. h5 gxh5 29. Rxh5 Qe2 30. Qc5 Qg4 31. Rf5 Rb6 32. Qd5 Rb1+ 33.
Kg2 Qe2 34. Rg5+ Bxg5 35. Qxg5+ Kf8 36. Qd8+ Kg7 37. Bd4+ Kg6 38. Qf6+ Kh5 39.
Qxf7+ Kg4 40. Qf4+ Kh5 1-0

[Event "Watson Farley Williams Challenge"]
[Site "London"]
[Date "1988.06.05"]
[Round "9"]
[White "Hodgson, Julian M"]
[Black "Motwani, Paul"]
[Result "0-1"]
[WhiteElo "2480"]
[BlackElo "2465"]
[PlyCount "134"]
[EventDate "1988.05.27"]
[EventType "tourn"]
[EventRounds "11"]
[EventCountry "ENG"]
[EventCategory "8"]
[SourceTitle "BritBase"]
[Source "John Saunders"]
[SourceDate "2022.12.30"]
[SourceVersion "1"]
[SourceVersionDate "2022.12.30"]
[SourceQuality "1"]

1. d4 Nf6 2. Nf3 e6 3. Bg5 c5 4. e3 Be7 5. Nbd2 cxd4 6. exd4 b6 7. a4 Nc6 8. c3
O-O 9. Bd3 Nd5 10. Bxe7 Qxe7 11. O-O Nf4 12. Bb5 a6 13. Bxc6 dxc6 14. Ne5 f6
15. Nec4 Bb7 16. Qg4 g5 17. Nxb6 Rad8 18. Rfe1 c5 19. d5 h5 20. Qf3 Nxd5 21.
Nxd5 Rxd5 22. Qe2 e5 23. Nf1 h4 24. Ne3 Rd7 25. Rad1 Rfd8 26. Rxd7 Rxd7 27.
Qc4+ Kh8 28. h3 Rd2 29. Qg4 Qe8 30. Nc4 Rd7 31. f4 gxf4 32. Qxh4+ Kg7 33. Qg4+
Kf8 34. Qf5 Qf7 35. b3 Kg8 36. Re2 Qg7 37. Qe6+ Kh7 38. Qf5+ Kg8 39. Qe6+ Kh7
40. Nd6 Bc6 41. Qf5+ Kg8 42. Qe6+ Kh7 43. Nf5 Qg5 44. Qxc6 Qxf5 45. Kh2 Qd3 46.
Qe4+ Qxe4 47. Rxe4 Rd2 48. Kg1 Rb2 49. b4 Rc2 50. Rc4 cxb4 51. Rxb4 Kg6 52. Rb6
e4 53. Rxa6 e3 54. Re6 Rc1+ 55. Kh2 Kf7 56. Re4 f5 57. Re5 Kf6 58. Re8 Rxc3 59.
h4 Ra3 60. h5 Kg5 61. Re5 Rxa4 62. g3 Kg4 63. gxf4 Kxf4 64. Re7 Kf3 65. Kh3 e2
66. h6 Ra6 67. h7 Rh6# 0-1